Mi è nato un papà. (Record n. 209980)

Dettagli MARC
000 -LEADER
campo di controllo lung. fissa 01195nam a2200229Ia 4500
001 - Numero di controllo
campo di controllo b7006-50906
003 - Identificatore del numero di controllo
campo di controllo IT-MiCISF
005 - Data e orario dell'ultima transazione
campo di controllo 20240326142225.0
008 - Elementi di lunghezza fissa--Informazione generale
campo di controllo lung. fissa 161014s9999||||xx |||||||||||||| ||und||
040 ## - Fonte della catalogazione
Agenzia catalografica originale IT-MiCISF
Agenzia che fa la trascrizione IT-MiCISF
041 ## - Codice di lingua
Codice di lingua del testo/traccia sonora o titolo separato it
100 ## - Accesso principale -- nome di persona
Nome di persona Volta Alessandro
9 (RLIN) 60579
245 #0 - Formulazione del titolo
Titolo Mi è nato un papà.
Complemento del titolo Anche i padri aspettano un figlio
260 ## - Pubblicazione, distribuzione, ecc. (stampa)
Luogo di pubblicazione, distribuzione, ecc. Milano,
Nome dell'editore, distributore, ecc. Urra,
Data di pubblicazione, distribuzione, ecc. 2010
300 ## - Descrizione fisica
Estensione pp. 149
500 ## - Nota generale
Nota generale / paternità, primo-figlio, gravidanza, periodo-neonatale /
520 ## - Riassunto, ecc.
Nota di riassunto, ecc. Il racconto in prima persona, dal tono leggero e funzionale a favorire la dinamica del rispecchiamento da parte del lettore, si alterna a schede informative o d'approfondimento su temi specifici, che danno sostanza, supporto scientifico e conoscitivo a ciò che viene, in forma leggera e coinvolgente, veicolato altrimenti dalla narrazione. Dedicato alle future madri, che vorrebbero avere le idee più chiare di cosa passa per la testa dei futuri padri, e ai futuri padri che desiderano una "chiave di lettura" al maschile delle loro compagne, del nuovo venuto e di sé stessi.
650 ## - Accesso aggiunto di soggetto--termine topico
Termine topico o nome geografico come accesso Genitorialità
Termine di ruolo 004
654 ## - Accesso aggiunto di soggetto--termini topici faccettati
Termine principale saggio
942 ## - Dati aggiuntivi (Koha)
Tipo copia default (Koha) LIBRO
Fonte della classificazione o dello schema di collocazione (segnatura) Dewey Decimal Classification
999 ## - Sys Number locale (Koha)
Koha Dewey Subclass [OBSOLETE] si
Dati di copia
Ritirato (status) Perso (status) Danneggiato (status) Non per il presito Biblioteca proprietaria Biblioteca in cui si trova Data d'acquisizione Totale prestiti Collocazione Data ultima operazione Prezzo in vigore dal Tipo copia default (Koha) Nota pubblica
    Buone Condizioni Not For Loan CISF - Milano CISF - Milano 14/10/2016   b7006-50906 14/10/2016 14/10/2016 LIBRO Data import 15.10.2016 / by Epidotti, Vaglietti
CREDITS: SOCIETA' SAN PAOLO Via A.Severo, 58 - ROMA (RM) & PERIODICI SAN PAOLO SRL Via Giotto, 36 MILANO & CISF Via Giotto, 36 MILANO & EDIZIONI SAN PAOLO SRL,  Piazza Soncino, 5 CINISELLO BALSAMO (MI) -- ITALY